| 000 | 00349nam a2200145Ia 4500 | ||
|---|---|---|---|
| 008 | 191201s2010 xx 000 0 und d | ||
| 082 |
_a658.406 _bSIO |
||
| 100 | _aSINGH, Kavita | ||
| 245 | 0 | _aOrganisation Change and Development | |
| 250 | _a2nd Rev | ||
| 260 |
_aN. Delhi _bExcel Books _c2010 |
||
| 300 | _a350 | ||
| 650 | _aBBA | ||
| 942 |
_2ddc _cBK |
||
| 999 |
_c4634 _d4634 |
||